000 00507nmm a2200169Ia 4500
008 251105s9999||||xx |||||||||||||||||und||
020 _a9788491124191
041 _aspa
100 _aMoreno Fernández, Roberto
245 0 _aCoordenadas desordenadas
264 _a[Madrid, España] :
_bLantia,
_c[Fecha de publicación no identificada]
300 _a0 páginas
490 _aCaligrama
650 _aScience fiction & Fantasy
856 _uhttps://public.digitaliapublishing.com/a/120514
942 _cCF
999 _c88085
_d88085